| 000 | 00706nam a22002057a 4500 | ||
|---|---|---|---|
| 003 | 0 | ||
| 005 | 20240124070335.0 | ||
| 008 | 240124b xxu||||| |||| 00| 0 eng d | ||
| 020 | _a978-284-21005-7 | ||
| 050 |
_aRA 394.9 _b.Is87 2022 |
||
| 100 | _aIssel, L. Michele | ||
| 245 |
_aHealth program planning and evaluation : a practical, systematic approach for community health _c L. Michele Issel |
||
| 250 | _aFifth edition | ||
| 260 |
_aBurlington, MA _bJones & Barlett Learning _cc2022. |
||
| 300 |
_axxix, 436 pages ; _c24 cm. |
||
| 504 | _aIncludes bibliographical references, glossary, and index. | ||
| 650 | _aCommunity health care service. | ||
| 650 | _aHealth planning. | ||
| 942 |
_2lcc _cBK |
||
| 999 |
_c365882 _d365882 |
||